| 000 | 00000nam 2200000za 4500 |
| 001 | 9.604448 |
| 003 | CaOODSP |
| 005 | 20250828125727 |
| 007 | cr ||||||||||| |
| 008 | 150406|1997||||xxc|||||o f|0| 0 fre d |
| 022 | |a1205-9161 |
| 040 | |aCaOODSP|bfre |
| 043 | |an-cn--- |
| 086 | 1 |aCS11-0019/107F-PDF |
| 100 | 1 |aBaldwin, John R. |q(John Russel) |
| 245 | 00|aImportance de la recherche et du développement sur l'aptitude à innover des petites et des grandes entreprises manufacturières canadiennes / |h[ressource électronique]|cpar John R. Baldwin. |
| 260 | |aOttawa - Ontario : |bStatistique Canada |cLe 24 septembre 1997. |
| 300 | |a52p.|bréférences, tableaux |
| 490 | 1 |aDocuments de recherche - Direction des études analytiques|x1205-9161|vN° 107 |
| 500 | |aLe n° de catalogue (11F0019MPF), l'ISBN (0-660-95714-0) et l'ISSN (1200-5231) de l'édition imprimée ont été incorrectement copiés dans l'édition électronique. |
| 590 | |a12-34-Supp|b2012-07-31 |
| 710 | 2 |aStatistique Canada. |
| 775 | 08|tThe importance of research and development for innovation in small and large Canadian manufacturing firms / |w(CaOODSP)9.574713 |
| 830 | #0|aDocuments de recherche (Statistique Canada. Direction des études analytiques)|x1205-9161|vN° 107|w(CaOODSP)9.500842 |
| 856 | 40|ahttp://publications.gc.ca|qPDF|s168 Ko|uhttps://publications.gc.ca/collections/Collection/CS11-0019-107F.pdf|yN° 107 |